| 000 | 00540nam a22001937a 4500 | ||
|---|---|---|---|
| 001 | 000000221 | ||
| 003 | OSt | ||
| 005 | 20250625111915.0 | ||
| 008 | 081028s1988 dr 000 0 spa d | ||
| 040 |
_aDO-SdBNP _bspa _cBNPHU |
||
| 082 |
_axxxx _bxxxx |
||
| 110 | 2 |
_aUniversidad Abierta para Adultos (Santiago de los Caballeros, Republica Dominicana) _971401 |
|
| 245 | 1 | 0 | _aEstatutos. |
| 260 |
_aSanto Domingo: _bPUCMM, _c1988. |
||
| 300 |
_a29 p. : _c21 cm. |
||
| 590 | _aInventariado, 2020/ YL | ||
| 910 | _aYLockward | ||
| 942 |
_2ddc _cLBS1 |
||
| 999 |
_c49150 _d49150 |
||